| Tag |
First Indicator |
Second Indicator |
Subfields |
| LEADER |
00000cam a2200000 4500 |
| 001 |
in00000061991 |
| 005 |
20151008051109.0 |
| 008 |
750411s1948 eng u |
| 010 |
|
|
|a 48005720
|
| 035 |
|
|
|a (OCoLC)01269036
|
| 035 |
|
|
|9 AAG5703AM
|
| 040 |
|
|
|c OUN
|d OCL
|d TXA
|d UtOrBLW
|
| 049 |
|
|
|a TXAM
|c [460309]
|
| 050 |
|
0 |
|a BF173
|b .W545 1948
|
| 082 |
0 |
|
|a 131.3464
|
| 092 |
|
|
|a 150.195
|b W636i
|
| 100 |
1 |
|
|a Wickes, Frances G.
|q (Frances Gillespy),
|d 1875-1967.
|
| 245 |
1 |
4 |
|a The inner world of man ;
|b with psychological drawings and paintings.
|
| 264 |
|
1 |
|a New York :
|b H. Holt,
|c [1948]
|
| 300 |
|
|
|a 313 pages :
|b illustrations (part color) ;
|c 25 cm.
|
| 336 |
|
|
|a text
|b txt
|2 rdacontent
|
| 337 |
|
|
|a unmediated
|b n
|2 rdamedia
|
| 338 |
|
|
|a volume
|b nc
|2 rdacarrier
|
| 650 |
|
0 |
|a Subconsciousness.
|
| 650 |
|
0 |
|a Psychoanalysis.
|
| 650 |
|
0 |
|a Dreams.
|
| 999 |
|
|
|a MARS
|
| 999 |
f |
f |
|s e729c83e-5e21-3e49-9042-f287a31d3b73
|i 2d11a0fa-8d17-3f2a-aa72-15aeb0665f3c
|t 0
|
| 952 |
f |
f |
|p ric
|a Texas A&M University
|b Rellis Campus
|c Joint Library Facility
|d Remote Storage
|t 0
|e BF173 .W545 1948
|h Library of Congress classification
|i unmediated -- volume
|m A14800523453
|
| 998 |
f |
f |
|a BF173 .W545 1948
|t 0
|l Remote Storage
|